000 00801nam a2200253Ia 4500
003 OSt
005 20220918171232.0
006 a|||||r|||| 00| 0
007 ta
008 220917b |||||||| |||| 00| 0 eng d
020 _a9781441166098 (pbk)
_c1592.80
024 _a284,658
037 _b12156, 17/03/2015, Elite Publishers Distributors
_cTextual
040 _aARTS
_cARTS
_beng
041 _2eng
_aeng
082 _aT:3(P), Q5
100 _aEnglish Fiona
_934995
245 0 _aWhy do linguistics
_b Reflective linguistics and the study of language
260 _aLondon
_bBloomsbury UK
_c2015
300 _ax,292p.
_ccm.
650 _aEDUCATION
942 _hT:3(P), Q5
_cTEXL
_2CC
999 _c138505
_d138505